Entry Nombre personal
001 - NÚMERO DE CONTROL
- campo de control: 240124
003 - IDENTIFICADOR DE NÚMERO DE CONTROL
- campo de control: SpMaBN
005 - FECHA Y HORA DE LA ÚLTIMA TRANSACCIÓN
- campo de control: 20250429173510.0
008 - ELEMENTOS DE DATO DE LONGITUD-FIJA
- campo de control de longitud fija: 000915n| aijnnaabn |n aac
016 ## - NÚMERO DE CONTROL DE UNA AGENCIA BIBLIOGRÁFICA NACIONAL
- Número de control del registro: BNE20003541766
040 ## - FUENTE DE CATALOGACIÓN
- Centro catalogador/agencia de origen: SpMaBN
- Lengua de catalogación: spa
- Centro/agencia transcriptor: SpMaBN
- Normas de descripción: rdc
- Convención/Normas de encabezamiento de materia/tesauro: embne
046 ## - FECHAS CON CODIFICACIÓN ESPECIAL
- Fecha de nacimiento: 1930
- Fecha de la muerte: 2008
100 1# - ENCABEZAMIENTO-NOMBRE DE PERSONA
- Nombre de persona: Núñez, Julio,
- Fechas asociadas al nombre: 1930-2008
375 ## - GÉNERO/SEXO
- Género: Masculino
670 ## - FUENTE DE DATOS ENCONTRADOS
- Cita de la fuente: WWW. Nuestrocine.com, 20-08-2008
- Información encontrada: (Julio Nuñez; n. 1930, Torrelavega, Cantabria (España), f. 2008; actor y actor de doblaje. Ha sido la voz habitual de Peter O'Toole)
670 ## - FUENTE DE DATOS ENCONTRADOS
- Cita de la fuente: WWW BN España aut.,; 29-4-2025;
- Información encontrada: (Núñez, Julio, 1930-2008)
954 ## - CATALOGADOR -ALTA REGISTRO
- Nombre del catalogador: Inmaculada Vicente Garcia
